00517nam a2200157 i 450000100060000000300090000600700030001500800410001802000180005910000300007724501300010725000120023726000560024930000220030585200320032736599ES-MaACLt|030218s1985 sp ||||1| spa d a84-01-38045-61 aBryce Echenique, Alfredo.13aEl hombre que hablaba de Octavia de Cádiz b: cuaderno de navegación en un sillón Voltaire / cAlfredo Bryce Echenique. a1ª ed. aEsplugues de Llobregat : bPlaza & Janés, c1985. a314 p. ; c22 cm. aES-MaACLjL-8837 bR.108903